| 000 | 01065cam a22002531i 4500 | ||
|---|---|---|---|
| 003 | SA-RiAUC | ||
| 005 | 20240925080258.0 | ||
| 008 | 240925s1993 sy g 000 0 ara c | ||
| 040 |
_aJO-MaAHU _bara _cSA-RiAUC _erda |
||
| 082 | 0 | 4 | _a250 |
| 090 |
_a250 _bج و هـ |
||
| 100 | 1 |
_aالجوهري، محمد بن الحسن التميمي، _dتوفي حوالي 350 هجري _eمؤلف. |
|
| 245 | 1 | 0 |
_aنوادر الفقهاء / _cمحمد بن الحسن التميمي الجوهري ؛ تحقيق محمد فضل عبد العزيز المراد. |
| 250 | _aالطبعة الأولى. | ||
| 264 | 1 |
_aدمشق : _aبيروت : _bدار القلم ؛ _bالدار الشامية، _c1993 |
|
| 300 |
_a343 صفحة ؛ _c24 سم |
||
| 336 |
_aنص _btxt _2rdacontent _3كتاب |
||
| 337 |
_aبدون وسيط _bn _2rdamedia |
||
| 338 |
_aمجلد _bnc _2rdacarrier |
||
| 650 | 7 |
_aالفقه الإسلامي _2aucsh |
|
| 700 | 1 |
_aالمراد، محمد فضل عبد العزيز _eمحقق. |
|
| 942 |
_2ddc _cBOOK _n0 |
||
| 949 |
_aSA-JeALM _d240925 _umohamedma123 _n1 |
||
| 999 |
_c552 _d552 |
||